000
00190 a2200097 4500
020
_a
9780374463397
041
_a
eng
100
_a
Roy Gerrard
245
_a
Rosie and the Rustlers
942
_c
K
999
_c
28384
_d
28384